• 首页
  • 本馆介绍
  • 公告通知
  • 最新文献
  • 馆藏检索
  • 电子资源
  • 读者导购
  • 参考咨询
  • 我的图书馆
  • 登录
  • 详细信息显示
  • 放入我的书架
  • 预约/预借图书
  • 作者相关作品
  • 分类相关作品
  • 丛书相关作品
  • 出版社相关作品

书目信息

  • 表格格式
  • 工作单格式
  • 卡片格式
题名:
动力电池管理及维护技术
    
 
作者: 李秋琴 , 王海峰 , 张鑫 主编
分册:  
出版信息: 成都   电子科技大学出版社  2020.2
页数: 232页
开本: 29cm
丛书名:
单 册:
中图分类: TM91
科图分类:
主题词: 电动汽车--电池--管理--教材 , 电动汽车--电池--维修--教材
电子资源:
ISBN: 978-7-5647-7712-8
000 00944nam0 2200277 45
001 012001000857
005 20140912085517.0
010    @a978-7-5647-7712-8@dCNY45.00
100    @a20201127d2020 em y0chiy50 ea
101 0  @achi
102    @aCN@b510000
105    @aa z 000yy
106    @ar
200 1  @a动力电池管理及维护技术@Adong li dian chi guan li ji wei hu ji shu@f李秋琴,王海峰,张鑫主编
210    @a成都@c电子科技大学出版社@d2020.2
215    @a232页@c图@d29cm
300    @a创新型汽车专业精品教材
330    @a本书共分九个项目,内容包括:电动汽车动力电池的发展、动力电池基础知识、车用动力电池的特征及测试、铅酸电池、镍氢电池等。
606 0  @a电动汽车@x电池@x管理@j教材
606 0  @a电动汽车@x电池@x维修@j教材
690    @aTM91@v5
701  0 @a李秋琴@Ali qiu qin@4主编
701  0 @a王海峰@Awang hai feng@4主编
701  0 @a张鑫@Azhang xin@4主编
801  0 @aCN@bBJSDL@c20211011
905    @b1332296-9@dTM91@e172@f4
    
    动力电池管理及维护技术/李秋琴,王海峰,张鑫主编.-成都:电子科技大学出版社,2020.2
    232页:图;29cm
    创新型汽车专业精品教材
    
    ISBN 978-7-5647-7712-8:CNY45.00
    本书共分九个项目,内容包括:电动汽车动力电池的发展、动力电池基础知识、车用动力电池的特征及测试、铅酸电池、镍氢电池等。
●
相关链接 在E读中查询图书 在五车中查询图书 在当当中查询图书 在豆瓣中查询图书


正题名:动力电池管理及维护技术     索取号:TM91/172         预约/预借

序号 登录号 条形码 馆藏地/架位号 状态 备注
1 1332296   213322965   第二样本阅览室/ [索取号:TM91/172] 在馆    
2 1332297   213322974   第三借阅区/ [索取号:TM91/172] 在馆    
3 1332298   213322983   第三借阅区/ [索取号:TM91/172] 在馆    
4 1332299   213322992   第三借阅区/ [索取号:TM91/172] 在馆    
唐山师范学院图书馆 欢迎您!
大连网信软件有限公司© 版权所有